| Tag |
First Indicator |
Second Indicator |
Subfields |
| LEADER |
00000cam a2200000 a 4500 |
| 001 |
in00000096677 |
| 005 |
20150924084818.0 |
| 008 |
820825s1981 coua b 00010 eng |
| 010 |
|
|
|a 80054288
|
| 020 |
|
|
|a 091833439X (pbk.)
|
| 035 |
|
|
|a (OCoLC)07659472
|
| 035 |
|
|
|9 AAK8811AM
|
| 039 |
0 |
|
|a 2
|b 3
|c 3
|d 3
|e 3
|
| 040 |
|
|
|a DLC
|c DLC
|d TXA
|d UtOrBLW
|
| 049 |
|
|
|a TXAM
|c [952338]
|
| 050 |
0 |
0 |
|a TC175.2
|b .S74 1981
|
| 082 |
0 |
|
|a 627/.122
|2 19
|
| 100 |
1 |
|
|a Stelczer, K.
|q (Károly)
|
| 245 |
1 |
0 |
|a Bed-load transport :
|b theory and practice /
|c by K. Stelczer.
|
| 264 |
|
1 |
|a Littleton, Colo. :
|b Water Resources Publications,
|c [1981]
|
| 264 |
|
4 |
|c ©1981
|
| 300 |
|
|
|a viii, 295 pages :
|b illustrations ;
|c 23 cm.
|
| 336 |
|
|
|a text
|b txt
|2 rdacontent
|
| 337 |
|
|
|a unmediated
|b n
|2 rdamedia
|
| 338 |
|
|
|a volume
|b nc
|2 rdacarrier
|
| 504 |
|
|
|a Bibliography: pages 262-270.
|
| 650 |
|
0 |
|a Sediment transport.
|
| 650 |
|
0 |
|a Bed load.
|
| 999 |
|
|
|a MARS
|
| 999 |
f |
f |
|s 75647e8f-a1d0-3da0-990f-f551e130b975
|i 4a27dca1-f828-35eb-b3be-fb90ffbdf67b
|t 0
|
| 952 |
f |
f |
|p ric
|a Texas A&M University
|b Rellis Campus
|c Joint Library Facility
|d Remote Storage
|t 0
|e TC175.2 .S74 1981
|h Library of Congress classification
|i unmediated -- volume
|m A14806025885
|
| 998 |
f |
f |
|a TC175.2 .S74 1981
|t 0
|l Remote Storage
|